000 00793nam a2200229 a 4500
001 47093
003 BD-RjUL
005 20211209054247.0
008 160807s2000 bg ||||| |||| 00| 0 ben d
020 _c: Tk.75.00
035 _a(BD-RjUL)47212
040 _aBD-RjUL
_bben
_cBD-RjUL
_dBD-RjUL
041 _aben
082 _223
_a297
_bMOT 2000
100 _aমোহাম্মদ, হাসান
_9143418
245 1 0 _aতাবলীগ আন্দোলন ও তাবলীগ জামাআত /
_cহাসান মোহাম্মদ
260 _aঢাকা :
_bকাওমী পাবলিকেশিন্স,
_c২০০০
300 _a৮৪ পৃ. ;
_c২৫ সেমি.
650 _aইসলাম
_9143419
650 _aIslam
_9143420
942 _2ddc
_cBK
999 _c47093
_d47093